00762nam a2200181Ia 4500008004100000040001800041041000800059100004900067245020000116260004700316300001800363490004500381650002200426650002600448650004800474700003000522700002800552130821s1958 ck gr spa  aCo-BoUCMbspa00aspa1 aVergara y Vergara, José Maríac1831-187210aHistoria de la literatura en Nueva Granada desde la conquista hasta la independencia (1538-1820)cJosé María Vergara y Vergara ; con notas de Antonio Gómez Restrepo y Gustavo Otero Muñoz aBogotá (Colombia)bEditorial A B Cc1958 a3 volúmenes aBiblioteca de la Presidencia de Colombia aAutoreszColombia aLiteratura colombiana aLiteratura colombianaxHistoria y crítica1 aGomez, Restrepo Antonioe1 aOtero Muñoz,Gustavoe